A Futuristic Paradigm of Education / (Record no. 589040)
[ view plain ]
| 000 -LEADER | |
|---|---|
| fixed length control field | 00304nam a22001217a 4500 |
| 082 ## - DEWEY DECIMAL CLASSIFICATION NUMBER | |
| Classification number | 370 |
| Author Mark | AZA |
| 100 ## - MAIN ENTRY--PERSONAL NAME | |
| Personal name | Azam, Ikram |
| 245 ## - TITLE STATEMENT | |
| Title | A Futuristic Paradigm of Education / |
| Statement of responsibility, etc. | Ikram Azam |
| 260 ## - PUBLICATION, DISTRIBUTION, ETC. | |
| Place of publication, distribution, etc. | Islamabad : |
| Name of publisher, distributor, etc. | The PFI, |
| Date of publication, distribution, etc. | 2003. |
| 300 ## - PHYSICAL DESCRIPTION | |
| Extent | 245p. ; |
| Dimensions | 23 cm. |
| 563 ## - BINDING INFORMATION | |
| Binding note | HBK. |
| 942 ## - ADDED ENTRY ELEMENTS (KOHA) | |
| Source of classification or shelving scheme | |
| Koha item type | Book |
| Withdrawn status | Lost status | Source of classification or shelving scheme | Damaged status | Not for loan | Permanent Location | Current Location | Shelving location | Date acquired | Source of acquisition | Total Checkouts | Full call number | Barcode | Date last seen | Price effective from | Koha item type |
|---|---|---|---|---|---|---|---|---|---|---|---|---|---|---|---|
| Central Library (CL) | Central Library (CL) | Education | 04/05/2022 | Donation | 370 AZA | CL-D-1553 | 04/05/2022 | 04/05/2022 | Book |
